Diskonty rastú na úkor supermarketov

Trh v Česku - hypermarkety stagnujú, supermarkety strácajú a diskonty posilňujú svoju pozíciu na českom maloobchodnom trhu. Top 10 najnavštevovanejších reťazcov v Česku.

Gespeichert in:
Bibliographische Detailangaben
1. Verfasser: Košťál, Daniel
Format: Buchkapitel
Sprache:Slowakisch
Schlagworte:
Tags: Tag hinzufügen
Keine Tags, Fügen Sie das erste Tag hinzu!

MARC

LEADER 00000naa$a2200000$$$4500
001 0038233
005 20231107130326.1
041 0 |a slo 
044 |a SK 
245 1 0 |a Diskonty rastú na úkor supermarketov  |c Daniel Košťál 
520 |a Trh v Česku - hypermarkety stagnujú, supermarkety strácajú a diskonty posilňujú svoju pozíciu na českom maloobchodnom trhu. Top 10 najnavštevovanejších reťazcov v Česku. 
610 2 0 |a trh 
610 2 0 |a hypermarkety 
610 2 0 |a supermarkety 
610 2 0 |a predajne diskontné 
610 2 0 |a Česko 
100 1 |a Košťál, Daniel